| 000 | 01468nam a2200373 a 4500 | ||
|---|---|---|---|
| 001 | ebr5001702 | ||
| 003 | CaPaEBR | ||
| 006 | m u | ||
| 007 | cr cn||||||||| | ||
| 008 | 000410s1999 enk sb 001 0 eng | ||
| 010 | _z 99012704 | ||
| 015 | _aGBA0-22623 | ||
| 016 | 7 |
_a0333734157 _2Uk |
|
| 020 | _z0333734157 | ||
| 020 | _z0312220960(US) | ||
| 040 |
_aCaPaEBR _cCaPaEBR |
||
| 035 | _a(OCoLC)70745166 | ||
| 050 | 1 | 4 |
_aHQ1765.5 _b.G55 1999eb |
| 082 | 0 | 4 |
_a330.90082095195 _221 |
| 100 | 1 |
_aGills, Dong-Sook Shin, _d1955- |
|
| 245 | 1 | 0 |
_aRural women and triple exploitation in Korean development _h[electronic resource] / _cDong-Sook Shin Gills. |
| 260 |
_aBasingstoke : _bMacmillan, _c1999. |
||
| 300 | _axvi, 239 p. | ||
| 490 | 1 | _aInternational political economy series | |
| 504 | _aIncludes bibliographical references and index. | ||
| 533 |
_aElectronic reproduction. _bPalo Alto, Calif. : _cebrary, _d2013. _nAvailable via World Wide Web. _nAccess may be limited to ebrary affiliated libraries. |
||
| 650 | 0 |
_aRural women _zKorea (South) _xEconomic conditions. |
|
| 651 | 0 |
_aKorea (South) _xEconomic conditions _y1960-1988. |
|
| 651 | 0 |
_aKorea (South) _xEconomic policy _y1960-1988. |
|
| 655 | 7 |
_aElectronic books. _2local |
|
| 710 | 2 | _aebrary, Inc. | |
| 830 | 0 | _aInternational political economy series. | |
| 856 | 4 | 0 |
_uhttp://site.ebrary.com/lib/rucke/Doc?id=5001702 _zAn electronic book accessible through the World Wide Web; click to view |
| 999 |
_c1307 _d1307 |
||